Normal view
MARC view
- تأليف الفضل ، منذر؛ م .مشارك صاحب الفتلاوي
Entry Personal Name
001 - CONTROL NUMBER
- control field: 25011
003 - CONTROL NUMBER IDENTIFIER
- control field: JO-AjAnu
005 - DATE AND TIME OF LATEST TRANSACTION
- control field: 20230606074259.0
008 - FIXED-LENGTH DATA ELEMENTS
- fixed length control field: 230606|| aca||aabn | a|a d
040 ## - CATALOGING SOURCE
- Original cataloging agency: JO-AjAnu
- Transcribing agency: JO-AjAnu
100 ## - HEADING--PERSONAL NAME
- Personal name: تأليف الفضل ، منذر؛ م .مشارك صاحب الفتلاوي
670 ## - SOURCE DATA FOUND
- Source citation: Work cat.: (JO-AjAnu)12867: تأليف الفضل ، منذر؛ م .مشارك صاحب الفتلاوي , author, شرح القانون المدني الأردني : العقود المسماة ، البيع واليجار في ضوء الفقة الاسلامي والقوانين المدنية الوضعية وقانون المالكين والمستأجرين الأردني لسنة 1982